Architekt Ján Šprlák Uličný
Na minha lista:
| Main Authors: | , |
|---|---|
| Formato: | Livro |
| Idioma: | eslovaco |
| Publicado em: |
Martin :
Neografia,
1995
|
| Assuntos: | |
| Tags: |
Sem tags, seja o primeiro a adicionar uma tag!
|
MARC
| LEADER | 00000nam a22000003a 4500 | ||
|---|---|---|---|
| 001 | stu12226 | ||
| 005 | 20150617225802.3 | ||
| 008 | 951219s1995----xo------------------slo-d | ||
| 020 | |a 8085186934 | ||
| 040 | |a STU |b slo | ||
| 041 | 0 | |a slo | |
| 044 | |a xo | ||
| 100 | 1 | |a Drahovský, Martin |4 aut |X 53570 |7 A000053570 | |
| 245 | 1 | |a Architekt Ján Šprlák Uličný | |
| 260 | |a Martin : |b Neografia, |c 1995 | ||
| 300 | |a nestr | ||
| 650 | 7 | |a architekti slovenskí |2 stusub | |
| 700 | 1 | |a Bél, Alexander |4 aut | |
| 996 | |b 284AU00454 |c A*2850 U |l AAKNAR |s A |a 24 |w stu12226_0001 | ||
| 996 | |b 284AU02603 |c A*2851 U |l AAKNAR |s A |a 24 |w stu12226_0002 | ||